Score 0/14 Timer 01:00
0 Plays Today
% Correct
Alex Trebek
83.7%
Final Jeopardy!
81.2%
Jeopardy! Tournament of Champions
79.9%
Double Jeopardy!
77.8%
Ken Jennings
74.5%
The Jeopardy! Clue Crew
72.4%
Potent Potables
67.8%
% Correct
Cliff Clavin
67.2%
I Lost on Jeopardy
66%
White Men Can't Jump
62.9%
Merv Griffin
60%
Daily Double
54.1%
Art Fleming
51.3%
Don Pardo
44.1%

Today's Daily Dose

Remove Ads.
Support Sporcle.
Get the best of Sporcle when you Go Orange. This ad-free experience offers more features, more stats, and more fun while also helping to support Sporcle. Thank you for becoming a member.

You're not logged in!

Compare scores with friends on all Sporcle quizzes.
OR
Log In

Show Comments

Extras

Top Quizzes Today


Score Distribution

Your Account Isn't Verified!

In order to create a playlist on Sporcle, you need to verify the email address you used during registration. Go to your Sporcle Settings to finish the process.

Report this User

Report this user for behavior that violates our Community Guidelines.

Details: